[Event "SRB-chT2 East"]
[Site "Leskovac"]
[Date "2014.09.26"]
[Round "2.3"]
[White "Mincic, Srbislav"]
[Black "Nikolic, Stanimir"]
[Result "1-0"]
[WhiteElo "2232"]
[BlackElo "2251"]
[PlyCount "71"]
[EventDate "2014.09.25"]
[EventType "team-swiss"]
[EventRounds "6"]
[EventCountry "SRB"]
[SourceTitle "EXT 2015"]
[Source "ChessBase"]
[SourceDate "2014.11.20"]
[SourceVersion "1"]
[SourceVersionDate "2014.11.20"]
[SourceQuality "1"]

1. e4 e5 2. Nf3 Nc6 3. Nc3 Nf6 4. a3 d6 5. d4 Bd7 6. Be3 Be7 7. h3 0-0 8. dxe5 dxe5 9. Bc4 Bd6 10. Qd3 a6 11. 0-0 b5 12. Ba2 h6 13. Nd5 Nxd5 14. Bxd5 Rb8 15. b4 Ne7 16. Bb3 Ng6 17. Rfd1 Qf6 18. Qe2 Rfc8 19. c4 Bc6 20. c5 Be7 21. Bd5 Be8 22. g3 c6 23. Bb3 Rb7 24. Nh2 Bd8 25. Qh5 Kh7 26. Ng4 Qf3 27. Rd6 f6 28. Nxf6+ Qxf6 29. Rxf6 Bxf6 30. Rd1 Rd8 31. Rxd8 Bxd8 32. Qf5 Bd7 33. Qf7 Ne7 34. g4 Bc8 35. Qe8 Rd7 36. g5 1-0

[Event "SRB-chT2 East"]
[Site "Zajecar"]
[Date "2013.10.11"]
[Round "2"]
[White "Urosevic, Goran"]
[Black "Nikolic, Stanimir"]
[Result "0-1"]
[WhiteElo "2239"]
[BlackElo "2261"]
[PlyCount "102"]
[EventDate "2013.10.10"]
[EventType "team-swiss"]
[EventRounds "8"]
[EventCountry "SRB"]
[SourceTitle "EXT 2014"]
[Source "ChessBase"]
[SourceDate "2013.11.20"]
[SourceVersion "1"]
[SourceVersionDate "2013.11.20"]
[SourceQuality "1"]

1. d4 d5 2. c4 c6 3. Nf3 Nf6 4. Nc3 e6 5. Bg5 Be7 6. e3 Qa5 7. Qc2 Nbd7 8. Bd3 h6 9. Bh4 dxc4 10. Bxc4 b5 11. Bb3 c5 12. dxc5 Nxc5 13. 0-0 a6 14. Nd4 Bb7 15. Bxf6 Bxf6 16. Ncxb5 Qb6 17. Nc3 0-0 18. Rfd1 Rac8 19. Rac1 Rfd8 20. Nf3 Re8 21. Nd2 Qc6 22. f3 Bg5 23. Nf1 Re7 24. Bc4 Rec7 25. b3 Qb6 26. Qf2 Bf6 27. Nd2 Qb4 28. Ndb1 Nd7 29. Qd2 Nb6 30. Ne4 Be7 31. Qxb4 Bxb4 32. Ned2 Bd5 33. Kf2 Bxc4 34. Nxc4 Nxc4 35. bxc4 Rxc4 36. Rd8+ Rxd8 37. Rxc4 a5 38. a3 Bf8 39. Ra4 Rd1 40. Nc3 Rd2+ 41. Ne2 Rd5 42. Nc3 Rc5 43. Ne4 Rc2+ 44. Kg3 f5 45. Nf2 g5 46. f4 Rc3 47. Kf3 Rxa3 48. Rc4 a4 49. Ke2 Ra2+ 50. Kf1 a3 51. Ra4 Rd2 0-1

[Event "SRB-chT2 East CS"]
[Site "Serbia"]
[Date "2012.09.15"]
[Round "3.51"]
[White "Nikolic, Stanimir"]
[Black "Dinic, Dragan"]
[Result "0-1"]
[WhiteElo "2263"]
[BlackElo "2314"]
[PlyCount "68"]
[EventDate "2012.09.14"]
[EventType "team"]
[EventRounds "9"]
[EventCountry "SRB"]
[SourceTitle "EXT 2015"]
[Source "ChessBase"]
[SourceDate "2014.11.20"]
[SourceVersion "1"]
[SourceVersionDate "2014.11.20"]
[SourceQuality "1"]

1. d4 Nf6 2. c4 g6 3. Nc3 d5 4. cxd5 Nxd5 5. e4 Nxc3 6. bxc3 Bg7 7. Bc4 0-0 8. Ne2 Nc6 9. Be3 b6 10. 0-0 Bb7 11. Qd2 Qd6 12. Ng3 e6 13. Bh6 Na5 14. Be2 f5 15. e5 Qd7 16. Bf4 Bd5 17. Rfd1 Nc4 18. Bxc4 Bxc4 19. h4 Rf7 20. h5 Qd5 21. hxg6 hxg6 22. Bh6 Kh7 23. Bg5 Raf8 24. Qf4 Rh8 25. f3 Rd7 26. Kf2 Kg8 27. Rh1 Qb5 28. Rhb1 Qd5 29. a4 a5 30. Rh1 Qc6 31. Qe3 Rxh1 32. Nxh1 Ba6 33. Kg3 Qc4 34. Nf2 c5 0-1

[Event "SRB-chT2 East CS"]
[Site "Serbia"]
[Date "2012.09.14"]
[Round "1.61"]
[White "Nikolic, Stanimir"]
[Black "Urosevic, Goran"]
[Result "1-0"]
[WhiteElo "2263"]
[BlackElo "2242"]
[PlyCount "86"]
[EventDate "2012.09.14"]
[EventType "team"]
[EventRounds "9"]
[EventCountry "SRB"]
[SourceTitle "EXT 2015"]
[Source "ChessBase"]
[SourceDate "2014.11.20"]
[SourceVersion "1"]
[SourceVersionDate "2014.11.20"]
[SourceQuality "1"]

1. d4 Nf6 2. c4 c5 3. d5 b5 4. cxb5 a6 5. bxa6 g6 6. Nc3 Bxa6 7. e4 Bxf1 8. Kxf1 d6 9. Bg5 Bg7 10. Qd2 Qb6 11. Nge2 Nbd7 12. Rb1 0-0 13. h4 Ne5 14. h5 Qa6 15. Rh3 Nxh5 16. Bxe7 Rfe8 17. Bg5 Nc4 18. Qd3 Nf6 19. Kg1 Ng4 20. Rh4 h5 21. f3 Nge5 22. Qc2 Reb8 23. Rh3 Rb4 24. Bc1 Rab8 25. Kh1 Nxb2 26. Rxb2 Rxb2 27. Bxb2 Nd3 28. Bc1 Nf2+ 29. Kh2 Nxh3 30. Kxh3 Qc4 31. Bf4 Qa6 32. Qc1 Rb4 33. Qe3 Bd4 34. Qd2 Bg7 35. Bg3 Qc8+ 36. Kh2 Qb8 37. Qg5 Rb2 38. Qe7 Rb6 39. Na4 Bf8 40. Qg5 Rb5 41. Qf6 Qc7 42. e5 h4 43. Bf4 Rb1 1-0

[Event "SRB-chT2 East CS"]
[Site "Serbia"]
[Date "2011.10.14"]
[Round "8.11"]
[White "Nikolic, Stanimir"]
[Black "Livaja, Mario"]
[Result "0-1"]
[WhiteElo "2277"]
[BlackElo "2228"]
[PlyCount "118"]
[EventDate "2011.09.11"]
[EventType "team"]
[EventRounds "11"]
[EventCountry "SRB"]
[SourceTitle "EXT 2015"]
[Source "ChessBase"]
[SourceDate "2014.11.20"]
[SourceVersion "1"]
[SourceVersionDate "2014.11.20"]
[SourceQuality "1"]

1. d4 Nf6 2. Nf3 g6 3. Nc3 d5 4. h3 Bg7 5. Bf4 0-0 6. e3 b6 7. Be2 Bb7 8. 0-0 Nbd7 9. a4 a6 10. Re1 Rc8 11. Ne5 c5 12. Ra3 e6 13. Bf3 Qe7 14. Rb3 Rfd8 15. Qa1 h6 16. Bh2 Bf8 17. Ra3 Nxe5 18. Bxe5 Nd7 19. Bf4 Bg7 20. Rd1 g5 21. Bg3 cxd4 22. exd4 Rc4 23. Ne2 Rxc2 24. Rc3 Rc8 25. Qb1 R2xc3 26. bxc3 Qa3 27. h4 Qxa4 28. hxg5 hxg5 29. Bd6 Qc6 30. Be7 Bf6 31. Bxf6 Nxf6 32. Qc1 Nh7 33. g4 a5 34. Rd3 Ba6 35. Re3 Bxe2 36. Bxe2 Kg7 37. Rh3 f6 38. Kg2 e5 39. Qh1 Rh8 40. Bd3 e4 41. Be2 Qe6 42. Qh2 Qe7 43. Bb5 Qe6 44. Qc7+ Qf7 45. Qxb6 Nf8 46. Rxh8 Kxh8 47. Qxa5 Qe6 48. Be2 Ng6 49. Qa6 Qe7 50. Bb5 Kg7 51. Bc6 e3 52. Kf1 Nf4 53. fxe3 Qxe3 54. Bxd5 Nxd5 55. Qb7+ Ne7 56. d5 Kf8 57. d6 Qd3+ 58. Kg2 Qd5+ 59. Qxd5 Nxd5 0-1

[Event "SRB-chT2 East"]
[Site "Pozarevac"]
[Date "2009.10.11"]
[Round "11.2"]
[White "Nikolic, Stanimir"]
[Black "Markovic, Marko"]
[Result "0-1"]
[WhiteElo "2292"]
[BlackElo "2312"]
[PlyCount "80"]
[EventDate "2009.09.06"]
[EventType "team"]
[EventRounds "11"]
[EventCountry "SRB"]
[SourceTitle "EXT 2012"]
[Source "ChessBase"]
[SourceDate "2011.11.24"]
[SourceVersion "1"]
[SourceVersionDate "2011.11.24"]
[SourceQuality "1"]

1. d4 d6 2. g3 g6 3. Bg2 Bg7 4. Nf3 Nf6 5. c4 0-0 6. Nc3 Nc6 7. 0-0 Bg4 8. h3 Bxf3 9. Bxf3 Nd7 10. e3 e5 11. Ne2 Qf6 12. Bxc6 bxc6 13. b3 exd4 14. exd4 Rfe8 15. Be3 Qf3 16. Rc1 Re7 17. Rc3 Rae8 18. Nf4 Qe4 19. Rd3 Qf5 20. Kg2 Qa5 21. Qd2 Qa6 22. Rd1 Nf8 23. Qc2 Ne6 24. Nxe6 Rxe6 25. d5 Re4 26. dxc6 Qxc6 27. Rd5 R8e5 28. R1d2 h5 29. Bxa7 h4 30. f4 Re6 31. Bf2 hxg3 32. Bxg3 Qe8 33. f5 gxf5 34. Rxf5 Rg6 35. Kh2 Re3 36. Bf4 Rc3 37. Qb1 Rf3 38. Bg5 Rxf5 39. Qxf5 Qe5+ 40. Qxe5 Bxe5+ 0-1

[Event "SRB-chT2 East"]
[Site "Pozarevac"]
[Date "2009.10.10"]
[Round "10.1"]
[White "Djukic, Zeljko"]
[Black "Nikolic, Stanimir"]
[Result "1-0"]
[WhiteElo "2378"]
[BlackElo "2292"]
[PlyCount "73"]
[EventDate "2009.09.06"]
[EventType "team"]
[EventRounds "11"]
[EventCountry "SRB"]
[SourceTitle "EXT 2012"]
[Source "ChessBase"]
[SourceDate "2011.11.24"]
[SourceVersion "1"]
[SourceVersionDate "2011.11.24"]
[SourceQuality "1"]

1. d4 d5 2. c4 e6 3. Nc3 Nf6 4. Bg5 c6 5. e3 Be7 6. Nf3 Nbd7 7. Bd3 0-0 8. 0-0 Re8 9. h3 Qa5 10. cxd5 exd5 11. Qc2 Qd8 12. Rab1 h6 13. Bf4 a5 14. Nb5 Rf8 15. Bc7 Qe8 16. Nd6 Bxd6 17. Bxd6 Ne4 18. Bxf8 Kxf8 19. Bxe4 dxe4 20. Nd2 f5 21. f3 exf3 22. Rxf3 g6 23. e4 Nf6 24. exf5 Bxf5 25. Qc5+ Kg7 26. Rbf1 Nd5 27. Nc4 Be6 28. Re1 Qg8 29. Nb6 Re8 30. Nxd5 Bxd5 31. Rfe3 Rxe3 32. Rxe3 h5 33. Re7+ Bf7 34. Qe5+ Kh6 35. Qf6 Bd5 36. Qf4+ g5 37. Qf6+ 1-0

[Event "SRB-chT2 East"]
[Site "Pozarevac"]
[Date "2009.10.09"]
[Round "7.4"]
[White "Nikolic, Stanimir"]
[Black "Dimitrijevic, Srdjan"]
[Result "1/2-1/2"]
[WhiteElo "2292"]
[BlackElo "2290"]
[PlyCount "117"]
[EventDate "2009.09.06"]
[EventType "team"]
[EventRounds "11"]
[EventCountry "SRB"]
[SourceTitle "EXT 2012"]
[Source "ChessBase"]
[SourceDate "2011.11.24"]
[SourceVersion "1"]
[SourceVersionDate "2011.11.24"]
[SourceQuality "1"]

1. d4 g6 2. Nf3 Bg7 3. g3 d6 4. Bg2 Nd7 5. 0-0 e5 6. Nc3 Ne7 7. Re1 0-0 8. e4 h6 9. Be3 Kh7 10. Qd2 Nc6 11. Rad1 Nb6 12. b3 Bg4 13. d5 Ne7 14. h3 Bc8 15. Nh2 Nd7 16. Ne2 f5 17. c4 fxe4 18. Bxe4 Nf6 19. Bg2 Nf5 20. Nc3 Nxe3 21. Qxe3 h5 22. Nf3 Bh6 23. Ng5+ Kg7 24. f4 Re8 25. Qf2 Rf8 26. Qd2 Bf5 27. Re2 Bxg5 28. fxg5 Nh7 29. h4 Bg4 30. c5 Qe7 31. c6 b6 32. Rde1 Bxe2 33. Qxe2 Rf5 34. Bh3 Qf7 35. Bxf5 gxf5 36. Rf1 a5 37. Qd3 Rf8 38. Nd1 Qg6 39. Ne3 f4 40. Qxg6+ Kxg6 41. gxf4 exf4 42. Nc2 Rf5 43. Rd1 Nf8 44. Kf2 Kf7 45. Ne1 Ng6 46. Nf3 Ne7 47. Rc1 Rxd5 48. Rc4 Ng6 49. a3 Rd3 50. Nd4 d5 51. Ra4 Rc3 52. Ne2 Rxc6 53. Nxf4 Nxf4 54. Rxf4+ Kg7 55. b4 axb4 56. axb4 Rc3 57. Rd4 Rc2+ 58. Kf3 Rc3+ 59. Kf2 1/2-1/2

[Event "SRB-chT2 East"]
[Site "Pozarevac"]
[Date "2009.09.13"]
[Round "2.5"]
[White "Raicevic, Ivica"]
[Black "Nikolic, Stanimir"]
[Result "0-1"]
[WhiteElo "2315"]
[BlackElo "2292"]
[PlyCount "77"]
[EventDate "2009.09.06"]
[EventType "team"]
[EventRounds "11"]
[EventCountry "SRB"]
[SourceTitle "EXT 2012"]
[Source "ChessBase"]
[SourceDate "2011.11.24"]
[SourceVersion "1"]
[SourceVersionDate "2011.11.24"]
[SourceQuality "1"]

1. c4 c5 2. g3 Nc6 3. Nc3 e6 4. Bg2 Be7 5. Nf3 Nf6 6. d4 cxd4 7. Nxd4 0-0 8. 0-0 a6 9. Bf4 Qb6 10. Nxc6 bxc6 11. Na4 Qa5 12. c5 Nd5 13. Bd2 Qc7 14. e4 Nf6 15. Qc2 Rb8 16. Nb6 Re8 17. b4 d5 18. cxd6 Bxd6 19. Nxc8 Rexc8 20. Rab1 c5 21. bxc5 Bxc5 22. Qa4 Qd6 23. Rxb8 Rxb8 24. Bc3 Ng4 25. Qc4 h5 26. Bf3 Rc8 27. Kg2 Rc7 28. e5 Nxe5 29. Bxe5 Qxe5 30. Qxa6 g6 31. a4 Ra7 32. Qb5 Qc3 33. h4 Kg7 34. Bc6 Rc7 35. Bf3 Ba7 36. Rd1 Rc5 37. Qb7 Rf5 38. Rb1 Bd4 39. Rb5 0-1

[Event "SRB Central-ch"]
[Site "Vrnjacka Banja"]
[Date "2008.11.14"]
[Round "9"]
[White "Arsovic, Goran"]
[Black "Nikolic, Stanimir"]
[Result "1/2-1/2"]
[WhiteElo "2432"]
[BlackElo "2291"]
[PlyCount "77"]
[EventDate "2008.11.08"]
[EventType "swiss"]
[EventRounds "9"]
[EventCountry "YUG"]
[SourceTitle "EXT 2010"]
[Source "ChessBase"]
[SourceDate "2010.11.25"]
[SourceVersion "1"]
[SourceVersionDate "2010.11.25"]
[SourceQuality "1"]

1. d4 d5 2. Nf3 Nf6 3. c4 e6 4. Bg5 Nbd7 5. cxd5 exd5 6. Nc3 c6 7. e3 Qa5 8. Nd2 Bd6 9. Bd3 0-0 10. Qc2 Re8 11. 0-0 Qc7 12. Nf3 h6 13. Bh4 Ng4 14. Bg3 Bxg3 15. hxg3 Qd6 16. e4 dxe4 17. Nxe4 Qf8 18. Rfe1 Rd8 19. a3 Ndf6 20. Nc5 b6 21. Ne4 Bb7 22. Rac1 Rd5 23. Bc4 Rd7 24. Ne5 Nxe5 25. Nxf6+ gxf6 26. dxe5 fxe5 27. Rxe5 Qd6 28. Rce1 c5 29. Qf5 Rad8 30. Kh2 Kg7 31. Bb5 Rc7 32. Re8 Rxe8 33. Rxe8 Qd5 34. Qg4+ Qg5 35. Qe2 Qd5 36. Qg4+ Qg5 37. Qe2 Qd5 38. Qg4+ Qg5 39. Qe2 1/2-1/2

[Event "SRB Central-ch"]
[Site "Vrnjacka Banja"]
[Date "2008.11.13"]
[Round "8"]
[White "Nikolic, Stanimir"]
[Black "Maksimovic, Branimir"]
[Result "1/2-1/2"]
[WhiteElo "2291"]
[BlackElo "2418"]
[PlyCount "87"]
[EventDate "2008.11.08"]
[EventType "swiss"]
[EventRounds "9"]
[EventCountry "YUG"]
[SourceTitle "EXT 2010"]
[Source "ChessBase"]
[SourceDate "2010.11.25"]
[SourceVersion "1"]
[SourceVersionDate "2010.11.25"]
[SourceQuality "1"]

1. d4 Nf6 2. Nf3 e6 3. g3 d5 4. Bg2 Be7 5. 0-0 0-0 6. b3 Nbd7 7. Bb2 b5 8. Nbd2 Rb8 9. Re1 Bb7 10. h3 b4 11. a3 a5 12. axb4 axb4 13. e3 Ra8 14. Qe2 Bc6 15. Rec1 Qb8 16. Ne5 Nxe5 17. dxe5 Nd7 18. e4 Nb6 19. Bd4 Qb7 20. Qe3 h6 21. Bxb6 cxb6 22. exd5 Bxd5 23. Bxd5 Qxd5 24. Rxa8 Rxa8 25. Qe4 Rd8 26. Qxd5 Rxd5 27. Nf3 Rc5 28. h4 h5 29. Kf1 Kh7 30. Ke2 Kg6 31. Kd2 Rd5+ 32. Ke2 Rc5 33. Kd2 Rc3 34. Ne1 Kf5 35. Nd3 Bc5 36. Re1 Bd4 37. f3 Rc7 38. g4+ hxg4 39. fxg4+ Kg6 40. Re4 Rd7 41. Ke2 Bc3 42. Ke3 b5 43. Kf3 Kh6 44. Ke2 1/2-1/2

[Event "SRB Central-ch"]
[Site "Vrnjacka Banja"]
[Date "2008.11.12"]
[Round "7"]
[White "Nikolic, Stanimir"]
[Black "Zlatanovic, Zoran"]
[Result "1-0"]
[WhiteElo "2291"]
[BlackElo "2169"]
[PlyCount "152"]
[EventDate "2008.11.08"]
[EventType "swiss"]
[EventRounds "9"]
[EventCountry "YUG"]
[SourceTitle "EXT 2010"]
[Source "ChessBase"]
[SourceDate "2010.11.25"]
[SourceVersion "1"]
[SourceVersionDate "2010.11.25"]
[SourceQuality "1"]

1. d4 Nf6 2. Nf3 e6 3. c4 Bb4+ 4. Nc3 c5 5. e3 Bxc3+ 6. bxc3 d6 7. a4 Qa5 8. Bd2 Nc6 9. Bd3 0-0 10. 0-0 Qd8 11. Qc2 h6 12. e4 e5 13. h3 b6 14. Qb2 Ba6 15. Be3 Na5 16. Qe2 Re8 17. Nd2 Rc8 18. d5 Nd7 19. g3 Nf8 20. Kh2 Rc7 21. f4 f6 22. Rg1 Nh7 23. f5 Kf8 24. h4 Ke7 25. Qh5 Rh8 26. Rg2 Bc8 27. Rag1 Bd7 28. Qg6 Qg8 29. Bc2 Nf8 30. Qh5 Be8 31. Qe2 Kd8 32. Nb3 Nxb3 33. Bxb3 a5 34. g4 g5 35. fxg6 Nxg6 36. Qf2 Qg7 37. Bd1 Rf7 38. Rh1 Nf8 39. Kg1 Bd7 40. Qb2 Kc7 41. Qb3 Ng6 42. Qb2 Qh7 43. Qe2 Re7 44. Rf2 Qg7 45. Kf1 Bc8 46. Ke1 Ba6 47. Kd2 Rf7 48. Kc2 Ne7 49. Kb3 Qg6 50. Qf3 Bc8 51. Rff1 Rg8 52. Rhg1 h5 53. g5 f5 54. Qxh5 Qxh5 55. Bxh5 Rh7 56. Bd1 Rxh4 57. exf5 Nxf5 58. Bd2 Rh3 59. Bg4 Nd4+ 60. Kb2 Bxg4 61. Rxg4 Rh2 62. cxd4 Rxd2+ 63. Kc3 Rxd4 64. Rf7+ Kd8 65. Rg3 Rf4 66. Rb7 Kc8 67. Rxb6 e4 68. Rxd6 Rgf8 69. g6 Rf3+ 70. Rxf3 Rxf3+ 71. Kd2 Rg3 72. Rc6+ Kd7 73. Rxc5 Kd6 74. Rc6+ Ke5 75. Re6+ Kd4 76. d6 Kc5 1-0

[Event "SRB-chT2"]
[Site "Golubac"]
[Date "2008.09.27"]
[Round "11"]
[White "Colovic, Dusan"]
[Black "Nikolic, Stanimir"]
[Result "1-0"]
[WhiteElo "2376"]
[BlackElo "2291"]
[PlyCount "40"]
[EventDate "2008.09.20"]
[EventType "team-tourn"]
[EventRounds "11"]
[EventCountry "YUG"]
[SourceTitle "EXT 2010"]
[Source "ChessBase"]
[SourceDate "2010.11.25"]
[SourceVersion "1"]
[SourceVersionDate "2010.11.25"]
[SourceQuality "1"]

1. d4 d5 2. Nc3 Nf6 3. Bf4 a6 4. f3 Nc6 5. e3 Bf5 6. g4 Bg6 7. h4 h6 8. Bd3 Bxd3 9. Qxd3 e6 10. Nge2 Bd6 11. 0-0-0 Qe7 12. g5 Nh5 13. Bxd6 Qxd6 14. g6 f5 15. e4 Nf4 16. Nxf4 Qxf4+ 17. Kb1 dxe4 18. Qc4 0-0 19. fxe4 Kh8 20. Qxe6 Qd6 1-0

[Event "SRB-chT2"]
[Site "Golubac"]
[Date "2008.09.21"]
[Round "2"]
[White "Nikolic, Stanimir"]
[Black "Nikolic, Boban"]
[Result "0-1"]
[WhiteElo "2291"]
[BlackElo "2222"]
[PlyCount "82"]
[EventDate "2008.09.20"]
[EventType "team-tourn"]
[EventRounds "11"]
[EventCountry "YUG"]
[SourceTitle "EXT 2010"]
[Source "ChessBase"]
[SourceDate "2010.11.25"]
[SourceVersion "1"]
[SourceVersionDate "2010.11.25"]
[SourceQuality "1"]

1. d4 Nf6 2. c4 g6 3. Nc3 d5 4. Nf3 Bg7 5. e3 0-0 6. Be2 c6 7. 0-0 dxc4 8. Bxc4 Bg4 9. h3 Bxf3 10. Qxf3 Nbd7 11. Rd1 Qc7 12. b3 e5 13. a4 exd4 14. exd4 Rad8 15. Bf4 Qa5 16. Rab1 Nb6 17. Be5 Nfd5 18. Bxg7 Kxg7 19. Ne4 Nd7 20. Rbc1 N7f6 21. Nc5 Qc7 22. Nd3 Ne7 23. Nf4 Rd7 24. Rd3 Rfd8 25. Rcd1 Qa5 26. Re3 Nf5 27. Re5 Nxd4 28. Qe3 Nf3+ 29. gxf3 Rxd1+ 30. Kg2 Qd2 31. Re7 Rd7 32. Ne6+ Kg8 33. Rxd7 Nxd7 34. Nd8 Qxe3 35. fxe3 Ne5 36. Nxb7 Nxc4 37. bxc4 Rb1 38. Na5 c5 39. Nc6 a6 40. a5 Rc1 41. Nb8 Ra1 0-1

[Event "SRB-chT2"]
[Site "Golubac"]
[Date "2008.09.21"]
[Round "3"]
[White "Panic, Nenad"]
[Black "Nikolic, Stanimir"]
[Result "1-0"]
[WhiteElo "2360"]
[BlackElo "2291"]
[PlyCount "47"]
[EventDate "2008.09.20"]
[EventType "team-tourn"]
[EventRounds "11"]
[EventCountry "YUG"]
[SourceTitle "EXT 2010"]
[Source "ChessBase"]
[SourceDate "2010.11.25"]
[SourceVersion "1"]
[SourceVersionDate "2010.11.25"]
[SourceQuality "1"]

1. d4 d5 2. Nf3 a6 3. Bf4 Nf6 4. e3 e6 5. Nbd2 Bd6 6. Ne5 0-0 7. Bd3 b6 8. Qf3 Nfd7 9. Qh3 f5 10. Ndf3 Nf6 11. g4 Ne4 12. Rg1 c5 13. gxf5 exf5 14. c4 Ra7 15. cxd5 cxd4 16. Nxd4 Bxe5 17. Bxe5 Qxd5 18. Bxb8 Re7 19. Qh4 Rff7 20. Ke2 Bb7 21. Rgc1 b5 22. a4 Nc5 23. Ra3 f4 24. Qxh7+ 1-0

[Event "SRB Central-ch"]
[Site "Vrnjacka Banja"]
[Date "2007.12.12"]
[Round "4"]
[White "Nikolic, Stanimir"]
[Black "Vratonjic, Slobodan"]
[Result "1/2-1/2"]
[WhiteElo "2297"]
[BlackElo "2453"]
[PlyCount "120"]
[EventDate "2007.12.10"]
[EventType "swiss"]
[EventRounds "9"]
[EventCountry "YUG"]
[SourceTitle "CBM 121 Extra"]
[Source "ChessBase"]
[SourceDate "2008.01.10"]
[SourceVersion "1"]
[SourceVersionDate "2008.01.10"]
[SourceQuality "1"]

1. d4 Nf6 2. Nf3 c5 3. d5 g6 4. c4 Bg7 5. Nc3 0-0 6. e4 d6 7. h3 e6 8. dxe6 Bxe6 9. Bd3 Nc6 10. 0-0 h6 11. Re1 Nd7 12. Bf1 Nde5 13. Nxe5 Nxe5 14. Nd5 Nc6 15. Rb1 Nd4 16. Nf4 Kh7 17. b3 a5 18. Bb2 Qg5 19. Bc1 Qh4 20. Be3 Bd7 21. Ne2 Ne6 22. Qxd6 Bc6 23. Qg3 Qxe4 24. Qg4 a4 25. Ng3 Qc2 26. Qe2 axb3 27. axb3 Qxe2 28. Bxe2 f5 29. Nf1 f4 30. Bd2 Be4 31. Rbc1 Nd4 32. Bd1 Bc6 33. b4 cxb4 34. Bxb4 Rfe8 35. Rxe8 Rxe8 36. Nh2 Ne2+ 37. Bxe2 Rxe2 38. Bc3 Bxc3 39. Rxc3 Re1+ 40. Nf1 b5 41. f3 Rb1 42. Kf2 Rb2+ 43. Kg1 Rb1 44. Kf2 bxc4 45. Nd2 Rb2 46. Ke1 Bd5 47. Nxc4 Rxg2 48. Ne5 Kg7 49. Rc5 Be6 50. Nd3 g5 51. h4 Kf6 52. hxg5+ hxg5 53. Nf2 Bf5 54. Rc6+ Ke5 55. Kf1 Rg3 56. Rc5+ Ke6 57. Ke2 Rg1 58. Rc6+ Kd5 59. Ra6 Bd7 60. Ra5+ Kd4 1/2-1/2

[Event "SRB Central-ch"]
[Site "Vrnjacka Banja"]
[Date "2007.12.10"]
[Round "1"]
[White "Jokic, Miodrag"]
[Black "Nikolic, Stanimir"]
[Result "1-0"]
[WhiteElo "2174"]
[BlackElo "2297"]
[PlyCount "107"]
[EventDate "2007.12.10"]
[EventType "swiss"]
[EventRounds "9"]
[EventCountry "YUG"]
[SourceTitle "CBM 121 Extra"]
[Source "ChessBase"]
[SourceDate "2008.01.10"]
[SourceVersion "1"]
[SourceVersionDate "2008.01.10"]
[SourceQuality "1"]

1. d4 d5 2. c4 c6 3. Nc3 Nf6 4. Nf3 Nbd7 5. e3 e6 6. Bd3 Be7 7. 0-0 0-0 8. b3 b6 9. Bb2 Bb7 10. Qe2 c5 11. Rfd1 Ne4 12. dxc5 Nxc3 13. Bxc3 bxc5 14. cxd5 exd5 15. Ba6 Bc6 16. Bb5 Bb7 17. Ba6 Bc6 18. Bb5 Qb6 19. Bxc6 Qxc6 20. Rac1 Rac8 21. Qd3 Nb6 22. Qa6 Rc7 23. Be5 Rd7 24. Nd4 Qc8 25. Qe2 f6 26. Bg3 Rdd8 27. Qb5 Qd7 28. Qxd7 Rxd7 29. Nc6 Kf7 30. Nxe7 Kxe7 31. Rxc5 Rc8 32. Rxc8 Nxc8 33. Kf1 Nb6 34. Ke2 Rb7 35. Rc1 Kd7 36. Rc5 h5 37. h3 g5 38. Kd3 h4 39. Bh2 Kd8 40. Kd4 Re7 41. Rc6 Re4+ 42. Kd3 Ke7 43. Rc7+ Ke6 44. f3 Rb4 45. Rb7 f5 46. Bc7 g4 47. Rxa7 gxh3 48. gxh3 Nd7 49. Ra6+ Kf7 50. Bd6 Rb5 51. Kd4 Nf6 52. b4 Nh7 53. a4 Rb7 54. Kxd5 1-0

[Event "Senta op-A 11th"]
[Site "Senta"]
[Date "2007.07.27"]
[Round "9"]
[White "Pacal, Mihaly"]
[Black "Nikolic, Stanimir"]
[Result "0-1"]
[WhiteElo "2207"]
[BlackElo "2289"]
[PlyCount "68"]
[EventDate "2007.07.21"]
[EventType "swiss"]
[EventRounds "9"]
[EventCountry "YUG"]
[SourceTitle "CBM 119 Extra"]
[Source "ChessBase"]
[SourceDate "2007.09.04"]
[SourceVersion "1"]
[SourceVersionDate "2007.09.04"]
[SourceQuality "1"]

1. e4 d6 2. d4 Nf6 3. Nc3 c6 4. Bd3 e5 5. Nge2 Be7 6. 0-0 Bg4 7. f3 Bh5 8. Be3 Nbd7 9. a4 0-0 10. Qd2 Qc7 11. g4 Bg6 12. Kh1 Ne8 13. f4 exf4 14. Nxf4 a5 15. Rg1 Nb6 16. Qf2 Qd8 17. Qg2 Bg5 18. Rad1 Bxf4 19. Bxf4 d5 20. Qf2 Qd7 21. e5 Nc7 22. Bd2 Bxd3 23. cxd3 Ne6 24. g5 Rfe8 25. Kg2 Qc7 26. h4 Nd7 27. Rh1 Re7 28. Rdg1 Qb6 29. Re1 Qb3 30. Rd1 Nb6 31. h5 Nxa4 32. g6 fxg6 33. h6 Rf7 34. Qg3 Raf8 0-1

[Event "Senta op-A 11th"]
[Site "Senta"]
[Date "2007.07.23"]
[Round "5"]
[White "Nikolic, Stanimir"]
[Black "Stojanovic, Zlatko"]
[Result "0-1"]
[WhiteElo "2289"]
[BlackElo "2225"]
[PlyCount "130"]
[EventDate "2007.07.21"]
[EventType "swiss"]
[EventRounds "9"]
[EventCountry "YUG"]
[SourceTitle "CBM 119 Extra"]
[Source "ChessBase"]
[SourceDate "2007.09.04"]
[SourceVersion "1"]
[SourceVersionDate "2007.09.04"]
[SourceQuality "1"]

1. Nf3 Nf6 2. d4 g6 3. c4 Bg7 4. Nc3 0-0 5. Bg5 h6 6. Bf4 d6 7. Qd2 g5 8. Bg3 Nh5 9. e4 Nd7 10. Be2 Nxg3 11. hxg3 e5 12. d5 Nc5 13. b4 Na6 14. Rb1 f5 15. Bd3 f4 16. Be2 Qf6 17. Nd1 Qg6 18. Bd3 Nb8 19. Qc2 a5 20. a3 axb4 21. axb4 Bg4 22. Be2 h5 23. Ng1 Bxe2 24. Nxe2 g4 25. Rb3 Nd7 26. gxf4 exf4 27. g3 Be5 28. gxf4 Bxf4 29. Nd4 Ne5 30. Nf5 Qg5 31. Kf1 Ra1 32. Rb1 Rxb1 33. Qxb1 Nxc4 34. Kg2 Nd2 35. Qc2 Nxe4 36. Nh6+ Qxh6 37. Qxe4 Be5 38. Qxg4+ hxg4 39. Rxh6 Rf4 40. b5 Kg7 41. Rh1 Bd4 42. Re1 Kf7 43. Kg3 Rf5 44. Re4 Rxd5 45. Kxg4 Bf6 46. Ne3 Rxb5 47. f4 d5 48. Ra4 d4 49. Nc4 d3 50. Kf3 Rc5 51. Nd2 b5 52. Ra6 Bc3 53. Ne4 d2 54. Ke2 Rc4 55. Nxc3 Rxc3 56. Kxd2 Rc4 57. Ke3 c6 58. Ra1 Ke6 59. Rd1 Kf5 60. Rd6 Rc3+ 61. Kd4 b4 62. Rh6 Kxf4 63. Rf6+ Kg3 64. Rf1 c5+ 65. Kd5 Kg2 0-1

[Event "SRB-chT 1st League"]
[Site "Vrnjacka Banja"]
[Date "2006.10.28"]
[Round "10.3"]
[White "Nikolic, Stanimir"]
[Black "Cabarkapa, Miomir"]
[Result "0-1"]
[WhiteElo "2291"]
[BlackElo "2214"]
[PlyCount "36"]
[EventDate "2006.09.09"]
[EventType "team"]
[EventRounds "11"]
[EventCountry "SRB"]
[SourceTitle "EXT 2012"]
[Source "ChessBase"]
[SourceDate "2011.11.24"]
[SourceVersion "1"]
[SourceVersionDate "2011.11.24"]
[SourceQuality "1"]
[WhiteTeam "Pozarevac"]
[BlackTeam "Ljig Spartak"]
[WhiteTeamCountry "SRB"]
[BlackTeamCountry "SRB"]

1. d4 Nf6 2. Nf3 g6 3. c4 Bg7 4. Nc3 d5 5. Qb3 c6 6. e3 0-0 7. Bd2 e6 8. Bd3 Nbd7 9. 0-0 dxc4 10. Bxc4 b5 11. Be2 a6 12. Qc2 Qe7 13. Rac1 Bb7 14. a3 c5 15. dxc5 Qxc5 16. Rfd1 Rac8 17. Qb1 Qb6 18. h4 Rfd8 0-1